| 000 | 01021nam a22002537a 4500 | ||
|---|---|---|---|
| 005 | 20240530110408.0 | ||
| 008 | 150204s2011 ua g 000 0 ara d | ||
| 017 |
_a2010/13853 _bمصر . دار الكتب المصرية |
||
| 020 | _a9776223234 | ||
| 040 | _aEG-CaGPL | ||
| 041 | 0 | _aara | |
| 082 | 0 | 4 |
_221 _a346.029\ _bم و |
| 100 | 0 | _aمحمد خيرى | |
| 245 | 1 | 2 |
_aالوكالة التجارية و عقود نقل التكنولوجيا : _bطبقا لقانون التجارة الجديد الوكالة بالعمولة - وكالة العقود / _cمحمد خيرى ، سمير الامين |
| 250 | _aط1 | ||
| 260 |
_aالمركز القومى للاصدارات القانونية ، _b2011 |
||
| 300 |
_a230 ص ؛ _c24 سم |
||
| 650 | 0 | 4 | _aالتوكيلات التجارية |
| 650 | 0 | 4 | _aالقانون التجارى |
| 650 | 0 | 4 | _aالعقود التجارية |
| 700 | 0 |
_aسمير الامين _eمؤلف مشارك |
|
| 942 |
_2ddc _cBK |
||
| 999 |
_c60391 _d60391 |
||